|
|
|
|
| LEADER |
01125nam a2200253 a 4500 |
| 001 |
3961522 |
| 008 |
090908s1995 enka b 001 0 eng d |
| 010 |
|
|
|a 94033900
|
| 020 |
|
|
|a 0335193781
|
| 020 |
|
|
|a 0335193773 (pbk.)
|
| 040 |
|
|
|a DLC
|c DLC
|d DLC
|
| 082 |
0 |
0 |
|a 378.1/1/0941
|2 20
|
| 245 |
0 |
0 |
|a Human resource management in higher and further education /
|c edited by David Warner and Elaine Crosthwaite.
|
| 260 |
|
|
|a Buckingham [England] ;
|a [Bristol, PA] :
|b Society for Research into Higher Education & Open University Press,
|c 1995.
|
| 300 |
|
|
|a xv, 200 p. :
|b ill. ;
|c 24 cm.
|
| 504 |
|
|
|a Includes bibliographical references (p. [184]-189) and index.
|
| 541 |
1 |
|
|e 00005560
|
| 650 |
|
0 |
|a College personnel management
|z Great Britain.
|
| 650 |
|
0 |
|a Universities and colleges
|z Great Britain
|x Administration.
|
| 700 |
1 |
|
|a Warner, David,
|d 1947-
|
| 700 |
1 |
|
|a Crosthwaite, Elaine,
|d 1952-
|
| 852 |
4 |
|
|a Ayesha Abed Library
|j General shelf
|
| 999 |
|
|
|c 3954
|d 3954
|
| 952 |
|
|
|0 0
|1 0
|2 ddc
|4 0
|6 378_110941000000000_HUM_1995
|7 0
|9 3638
|a BRACUL
|b BRACUL
|c GEN
|d 2009-09-16
|g 1680.00
|l 0
|o 378.110941 HUM
|p 3010005560
|r 2009-09-16
|t 1
|w 2009-09-16
|y BK
|